Catalog

Record Details

Catalog Search



Available copies

  • 1 of 1 copy available at LARL/NWRL Consortium.

Current holds

0 current holds with 1 total copy.

Show Only Available Copies
Location Call Number / Copy Notes Barcode Shelving Location Status Due Date
Red Lake Falls Public Library FRE (Text) 35500005672082 Main Available -

Record details

  • ISBN: 9780990696162
  • ISBN: 0990696162
  • Physical Description: 186 p. ; 21 cm.
  • Publisher: [Charleston, S.C. : Createspace Publishing,] c2014.

Content descriptions

Summary, etc.:
Seven female friends start out as bridesmaids and ... Read More
Subject: Journalists > Fiction.
Love stories.
Billionaires > Fiction.
Womanizers > Fiction.
Billionaires.
Journalists
Love stories.
Womanizers.
Genre: Fiction.
LDR 01784cam a2200349Ka 4500
001189801
003LARL_NWRL_CONSORTIUM
00520150904160212.0
008150108s2014 scu 010 0 eng d
020 . ‡a9780990696162
020 . ‡a0990696162
035 . ‡a(OCoLC)899604616
049 . ‡aNRGB
1001 . ‡aFreethy, Barbara. ‡0(LARL_NWRL_CONSORTIUM)141429
24510. ‡aKiss me forever ‡n#1 / ‡cBarbara Freethy.
260 . ‡a[Charleston, S.C. : ‡bCreatespace Publishing,] ‡cc2014.
300 . ‡a186 p. ; ‡c21 cm.
4900 . ‡aBachelors and bridesmaids ; ‡vbk. 1
520 . ‡aSeven female friends start out as bridesmaids and end up falling in love. In Kiss me forever, news reporter Andrea Blain is supposed to cover the news, not make it. But whenever she is on the trail of a big story, things just happen. Andrea is given one last chance to prove herself with the cover story on sexy billionaire heartbreaker, Alexander Donovan. The wealthy philanthropist appears to be living the American dream, but Andera is determined to uncover the real story. When Alex's secrets are revealed, Andrea will have to choose between climbing the ladder of success or falling in love.
650 0. ‡aJournalists ‡vFiction. ‡0(LARL_NWRL_CONSORTIUM)165759
650 0. ‡aLove stories. ‡0(LARL_NWRL_CONSORTIUM)24834
650 0. ‡aBillionaires ‡vFiction. ‡0(LARL_NWRL_CONSORTIUM)163697
650 0. ‡aWomanizers ‡vFiction.
650 7. ‡aBillionaires. ‡2fast ‡0(LARL_NWRL_CONSORTIUM)41260
650 7. ‡2fast ‡aJournalists ‡0(LARL_NWRL_CONSORTIUM)23896
650 7. ‡aLove stories. ‡2fast ‡0(LARL_NWRL_CONSORTIUM)24834
650 7. ‡aWomanizers. ‡2fast
655 7. ‡aFiction. ‡2fast
901 . ‡a189801 ‡bOCLC ‡c189801 ‡tbiblio

Additional Resources